[Event "Titled Tuesday intern op 24th Jan Late"]
[Site "Chess.com INT"]
[Date "2023.01.24"]
[Round "5"]
[White "Nebel, Jens U"]
[Black "Karttunen, Mika"]
[Result "1/2-1/2"]
[WhiteElo "2212"]
[BlackElo "2495"]
[PlyCount "73"]
[EventDate "2023.01.24"]
[EventType "swiss (blitz)"]
[EventRounds "11"]
[EventCountry "USA"]
[SourceTitle "EXT 2024"]
[Source "ChessBase"]
[SourceDate "2023.10.10"]
[SourceVersion "1"]
[SourceVersionDate "2023.10.10"]
[SourceQuality "1"]

1. e4 e5 2. Nc3 Nf6 3. f4 d5 4. fxe5 Nxe4 5. Qf3 Nxc3 6. bxc3 Be6 7. d4 c5 8. Bd3 Qd7 9. Rb1 c4 10. Be2 Nc6 11. Qg3 0-0-0 12. Bf3 f6 13. exf6 gxf6 14. Bf4 Rg8 15. Qh4 Bf5 16. Kd2 Bd6 17. Ne2 Be4 18. Rhg1 Qf5 19. Rbc1 Ba3 20. Bxe4 Qxe4 21. Rce1 Bd6 22. Qh3+ Kc7 23. Qf3 Qxf3 24. gxf3 Ne7 25. Bxd6+ Kxd6 26. Nf4 Rxg1 27. Rxg1 Nf5 28. Re1 Ng7 29. Rg1 Rd7 30. Ke2 Re7+ 31. Kf2 Nf5 32. Rg8 Rd7 33. Rf8 Ke7 34. Rh8 Kd6 35. Rf8 Ke7 36. Rh8 Kd6 37. Rf8 1/2-1/2

[Event "Titled Tuesday intern op 24th Jan Late"]
[Site "Chess.com INT"]
[Date "2023.01.24"]
[Round "2"]
[White "Nebel, Jens U"]
[Black "Martinez Martin, David"]
[Result "1/2-1/2"]
[WhiteElo "2212"]
[BlackElo "2385"]
[PlyCount "99"]
[EventDate "2023.01.24"]
[EventType "swiss (blitz)"]
[EventRounds "11"]
[EventCountry "USA"]
[SourceTitle "EXT 2024"]
[Source "ChessBase"]
[SourceDate "2023.10.10"]
[SourceVersion "1"]
[SourceVersionDate "2023.10.10"]
[SourceQuality "1"]

1. e4 c5 2. d4 cxd4 3. c3 dxc3 4. Nxc3 e6 5. Nf3 Nc6 6. Bc4 a6 7. 0-0 b5 8. Bb3 Na5 9. Bc2 Bb7 10. b3 Rc8 11. Bb2 d6 12. Rc1 Be7 13. Qe2 Nf6 14. Rfd1 0-0 15. e5 Nd5 16. Nxd5 Bxd5 17. exd6 Bxd6 18. Ne5 Qg5 19. g3 Nc6 20. h4 Qe7 21. Nxc6 Rxc6 22. Rxd5 exd5 23. Qxe7 Bxe7 24. Bxh7+ Kxh7 25. Rxc6 a5 26. Ra6 Bb4 27. Rb6 Rc8 28. Rxb5 Rc2 29. Bd4 Rxa2 30. Rxd5 Ra3 31. Bb6 Rxb3 32. Bxa5 Bxa5 33. Rxa5 g6 34. Kg2 Kg7 35. Ra6 Rc3 36. g4 Rb3 37. f3 Rc3 38. Kg3 Rc4 39. Ra5 Rb4 40. Rg5 Kf6 41. Rc5 Ra4 42. Rc8 Rb4 43. Rg8 Ra4 44. h5 gxh5 45. gxh5 Ra1 46. Kg2 Ra2+ 47. Kh3 Ra1 48. Kg2 Ra2+ 49. Kg3 Ra1 50. Kg2 1/2-1/2

[Event "Titled Tuesday intern op 24th Jan Late"]
[Site "Chess.com INT"]
[Date "2023.01.24"]
[Round "7"]
[White "Nebel, Jens U"]
[Black "Principe, Gerson"]
[Result "1-0"]
[WhiteElo "2212"]
[BlackElo "2229"]
[PlyCount "57"]
[EventDate "2023.01.24"]
[EventType "swiss (blitz)"]
[EventRounds "11"]
[EventCountry "USA"]
[SourceTitle "EXT 2024"]
[Source "ChessBase"]
[SourceDate "2023.10.10"]
[SourceVersion "1"]
[SourceVersionDate "2023.10.10"]
[SourceQuality "1"]

1. e4 c5 2. d4 cxd4 3. c3 d3 4. Bxd3 Nc6 5. c4 e6 6. Nf3 d5 7. cxd5 exd5 8. exd5 Qxd5 9. 0-0 Bg4 10. Re1+ Be7 11. Nc3 Qh5 12. Be4 Rd8 13. Qa4 Nf6 14. Bxc6+ bxc6 15. Qxc6+ Kf8 16. Bf4 Bxf3 17. gxf3 Qf5 18. Bg3 h5 19. Re5 Qd7 20. Qc4 h4 21. Bxh4 Qh3 22. Bg3 Bd6 23. Re2 Bxg3 24. fxg3 Qf5 25. Rf2 g6 26. Ne4 Nd5 27. Qd4 Kg8 28. Rd1 Kf8 29. Nf6 1-0

[Event "Titled Tuesday intern op 24th Jan Late"]
[Site "Chess.com INT"]
[Date "2023.01.24"]
[Round "3"]
[White "Nebel, Jens U"]
[Black "Przybylski, Wojciech"]
[Result "0-1"]
[WhiteElo "2212"]
[BlackElo "2321"]
[PlyCount "70"]
[EventDate "2023.01.24"]
[EventType "swiss (blitz)"]
[EventRounds "11"]
[EventCountry "USA"]
[SourceTitle "EXT 2024"]
[Source "ChessBase"]
[SourceDate "2023.10.10"]
[SourceVersion "1"]
[SourceVersionDate "2023.10.10"]
[SourceQuality "1"]

1. e4 c5 2. d4 cxd4 3. c3 d5 4. exd5 Qxd5 5. cxd4 Nc6 6. Nf3 Bg4 7. Be2 0-0-0 8. Nc3 Qa5 9. Be3 Nf6 10. Qb3 Be6 11. Qb5 Qxb5 12. Bxb5 Nd5 13. Rc1 f6 14. Ne4 Ndb4 15. a3 a6 16. Be2 Nd5 17. Bxa6 Nxe3 18. fxe3 Bd5 19. Bd3 e5 20. dxe5 fxe5 21. 0-0 Re8 22. b4 Kb8 23. Nfd2 Be7 24. Nc5 Bg5 25. Rfe1 Rd8 26. Nde4 Bh6 27. Bb5 b6 28. Na6+ Kb7 29. Rc3 Bxe4 30. Rec1 Rd6 31. a4 Ra8 32. Bxc6+ Rxc6 33. Rxc6 Bxc6 34. b5 Bxe3+ 35. Kf1 Bxc1 0-1

[Event "Titled Tuesday intern op 28th Apr"]
[Site "Chess.com INT"]
[Date "2020.04.28"]
[Round "8"]
[White "Nebel, Jens U"]
[Black "Simonovic, Miroslav"]
[Result "1-0"]
[WhiteElo "2212"]
[BlackElo "2129"]
[PlyCount "109"]
[EventDate "2020.04.28"]
[EventType "swiss (blitz)"]
[EventRounds "10"]
[EventCountry "USA"]
[SourceTitle "EXT 2021"]
[Source "ChessBase"]
[SourceDate "2020.10.23"]
[SourceVersion "1"]
[SourceVersionDate "2020.10.23"]
[SourceQuality "1"]

1. e4 c5 2. d4 cxd4 3. c3 dxc3 4. Nxc3 Nc6 5. Nf3 d6 6. Bc4 e6 7. Qe2 Be7 8. 0-0 Nf6 9. Rd1 Qa5 10. a3 a6 11. Be3 0-0 12. h3 Qh5 13. Bb6 Nd7 14. Bc7 b5 15. Ba2 Nde5 16. Bxd6 Nxf3+ 17. Qxf3 Qxf3 18. gxf3 Bxd6 19. Rxd6 Bb7 20. Rad1 Rfd8 21. Kg2 Kf8 22. f4 Ke7 23. Rxd8 Rxd8 24. Rxd8 Kxd8 25. Kg3 b4 26. axb4 Nxb4 27. Bb1 h6 28. f3 Bc6 29. Kf2 Ke7 30. Ke3 Kd6 31. Kd4 a5 32. Kc4 Na6 33. Nb5+ Kd7 34. Nd4 Bb7 35. Kb5 Nc7+ 36. Kxa5 f5 37. b4 g6 38. Kb6 Bc8 39. Bd3 Na8+ 40. Kc5 Nc7 41. b5 Bb7 42. b6 Na8 43. Bb5+ Ke7 44. Bc6 Bxc6 45. Kxc6 Nxb6 46. Kxb6 fxe4 47. fxe4 g5 48. fxg5 hxg5 49. e5 Kf7 50. Kc6 Kg6 51. Kd6 Kh5 52. Kxe6 Kh4 53. Nf3+ Kxh3 54. Nxg5+ Kg4 55. Kf6 1-0

[Event "Titled Tuesday intern op 7th April"]
[Site "Chess.com INT"]
[Date "2020.04.07"]
[Round "6"]
[White "Ambartsumova, Karina"]
[Black "Nebel, Jens U"]
[Result "1-0"]
[WhiteElo "2371"]
[BlackElo "2212"]
[PlyCount "81"]
[EventDate "2020.04.07"]
[EventType "swiss (blitz)"]
[EventRounds "10"]
[EventCountry "USA"]
[SourceTitle "EXT 2021"]
[Source "ChessBase"]
[SourceDate "2020.10.23"]
[SourceVersion "1"]
[SourceVersionDate "2020.10.23"]
[SourceQuality "1"]

1. Nf3 e6 2. c4 f5 3. g3 Nf6 4. Bg2 d6 5. d4 Be7 6. 0-0 0-0 7. Nc3 d5 8. b3 c6 9. a4 Ne4 10. Qc2 Nd7 11. Ba3 Ndf6 12. Bxe7 Qxe7 13. Ne5 Bd7 14. f3 Nxc3 15. Qxc3 Be8 16. c5 Bg6 17. f4 Bh5 18. e3 Ne4 19. Qc2 g5 20. b4 a6 21. Rab1 Ra7 22. b5 axb5 23. axb5 cxb5 24. Rxb5 Ra3 25. Qb2 Rxe3 26. Rxb7 Qd8 27. c6 Qa5 28. Rd7 Re2 29. Qb7 Nf6 30. Rg7+ Kh8 31. fxg5 Rxg2+ 32. Kxg2 Qd2+ 33. Kh1 Qxd4 34. gxf6 Qe4+ 35. Kg1 Qe3+ 36. Kg2 Qe2+ 37. Rf2 Qe4+ 38. Kh3 Bg4+ 39. Nxg4 fxg4+ 40. Rxg4 Qe3 41. Qg7# 1-0

[Event "Titled Tuesday intern op 7th April"]
[Site "Chess.com INT"]
[Date "2020.04.07"]
[Round "5"]
[White "Nebel, Jens U"]
[Black "Valdes, Luis Enrique"]
[Result "1/2-1/2"]
[WhiteElo "2212"]
[BlackElo "2388"]
[PlyCount "133"]
[EventDate "2020.04.07"]
[EventType "swiss (blitz)"]
[EventRounds "10"]
[EventCountry "USA"]
[SourceTitle "EXT 2021"]
[Source "ChessBase"]
[SourceDate "2020.10.23"]
[SourceVersion "1"]
[SourceVersionDate "2020.10.23"]
[SourceQuality "1"]

1. e4 c5 2. d4 cxd4 3. c3 Nf6 4. e5 Nd5 5. Nf3 Nc6 6. Nxd4 g6 7. c4 Nc7 8. f4 Bg7 9. Nf3 0-0 10. Nc3 d6 11. exd6 exd6 12. Be2 Ne6 13. 0-0 Ned4 14. Nxd4 Nxd4 15. Bf3 Nxf3+ 16. Qxf3 Be6 17. Nd5 Bxd5 18. Qxd5 Rc8 19. Rd1 Rc5 20. Qxd6 Qxd6 21. Rxd6 Rxc4 22. Be3 Re8 23. Bxa7 Bxb2 24. Rad1 Ra4 25. Bd4 Bxd4+ 26. R6xd4 Rxa2 27. Rd8 Rxd8 28. Rxd8+ Kg7 29. Rb8 Rb2 30. h3 h5 31. Kh2 h4 32. Kg1 b5 33. Kf1 b4 34. Rb5 Kf6 35. Kg1 b3 36. Kf1 Ke6 37. Kg1 Kd6 38. f5 gxf5 39. Rxf5 Rb1+ 40. Kf2 b2 41. Rb5 Kc6 42. Rb8 Kc5 43. Rc8+ Kd4 44. Rd8+ Ke4 45. Re8+ Kf4 46. Rb8 f5 47. Rb4+ Ke5 48. Rb8 f4 49. Re8+ Kd4 50. Rb8 f3 51. Rd8+ Ke5 52. Re8+ Kf6 53. Rf8+ Ke7 54. Rb8 fxg2 55. Kxg2 Kd6 56. Kh2 Kc5 57. Kg2 Kd4 58. Rd8+ Ke5 59. Re8+ Kd6 60. Rb8 Kc6 61. Rb3 Kc5 62. Rb8 Kd4 63. Rd8+ Kc3 64. Rc8+ Kd2 65. Rd8+ Ke3 66. Re8+ Kd4 67. Rd8+ 1/2-1/2

[Event "Gibraltar Challengers op-A"]
[Site "Caleta"]
[Date "2020.01.24"]
[Round "5"]
[White "Raghav, Srivathsav V"]
[Black "Nebel, Jens U"]
[Result "0-1"]
[WhiteElo "2023"]
[BlackElo "2168"]
[PlyCount "74"]
[EventDate "2020.01.20"]
[EventType "swiss"]
[EventRounds "5"]
[EventCountry "GGB"]
[SourceTitle "CBM 194 Extra"]
[Source "ChessBase"]
[SourceDate "2020.03.31"]
[SourceVersion "1"]
[SourceVersionDate "2020.03.31"]
[SourceQuality "1"]

1. b3 e5 2. Bb2 Nc6 3. g3 h5 4. Bg2 d5 5. h4 Nf6 6. c4 d4 7. d3 Bf5 8. Nd2 Be7 9. a3 a5 10. Ngf3 Qd7 11. 0-0 Bh3 12. b4 Bxg2 13. Kxg2 Ng4 14. b5 Nd8 15. Ne4 Ne6 16. Bc1 b6 17. a4 0-0-0 18. Ba3 Bxa3 19. Rxa3 f5 20. Neg5 Nc5 21. Nh2 Nh6 22. f4 e4 23. dxe4 fxe4 24. Re1 Nf5 25. Nf1 Qe7 26. Qc1 Rhe8 27. Qa1 e3 28. Nf3 Ne4 29. Qc1 Nf2 30. Ne5 Qe6 31. Nf3 Nxh4+ 32. Nxh4 Qh3+ 33. Kf3 g5 34. Nxe3 dxe3 35. Rxe3 gxh4 36. Kxf2 Qh2+ 37. Kf1 h3 0-1

[Event "Hastings Masters op 84th"]
[Site "Hastings"]
[Date "2009.01.03"]
[Round "7"]
[White "White, Michael JR"]
[Black "Nebel, Jens U"]
[Result "1-0"]
[WhiteElo "2242"]
[BlackElo "2199"]
[PlyCount "77"]
[EventDate "2008.12.28"]
[EventType "swiss"]
[EventRounds "9"]
[EventCountry "ENG"]
[SourceTitle "CBM 128 Extra"]
[Source "ChessBase"]
[SourceDate "2009.03.05"]
[SourceVersion "2"]
[SourceVersionDate "2009.03.25"]
[SourceQuality "1"]

1. e4 c5 2. Nf3 d6 3. d4 cxd4 4. Nxd4 Nf6 5. Nc3 g6 6. Be3 Bg7 7. Be2 Nc6 8. Qd2 Nxd4 9. Bxd4 0-0 10. 0-0-0 Be6 11. Kb1 Qc7 12. Nd5 Bxd5 13. exd5 Rfc8 14. Bf3 b5 15. g4 Qb7 16. g5 Nd7 17. Bxg7 Kxg7 18. Qd4+ Kg8 19. Be2 Rc5 20. b4 Rc7 21. h4 Rac8 22. h5 Ne5 23. hxg6 Rxc2 24. gxf7+ Kf8 25. Bd3 R2c3 26. Rxh7 Qc7 27. Qf4 Nd7 28. Rh8+ Kg7 29. Rh7+ Kf8 30. Rh8+ Kg7 31. Qd4+ Ne5 32. Rxc8 Qxc8 33. f4 Qg4 34. Rd2 Rc8 35. Be2 Qg3 36. fxe5 Qe1+ 37. Rd1 Qxe2 38. e6+ Kg6 39. Qd3+ 1-0

[Event "Hastings Masters op 84th"]
[Site "Hastings"]
[Date "2009.01.02"]
[Round "6"]
[White "Nebel, Jens U"]
[Black "Lunn, Matthew"]
[Result "1-0"]
[WhiteElo "2199"]
[BlackElo "1874"]
[PlyCount "35"]
[EventDate "2008.12.28"]
[EventType "swiss"]
[EventRounds "9"]
[EventCountry "ENG"]
[SourceTitle "CBM 128 Extra"]
[Source "ChessBase"]
[SourceDate "2009.03.05"]
[SourceVersion "2"]
[SourceVersionDate "2009.03.25"]
[SourceQuality "1"]

1. e4 c6 2. d4 d5 3. Nc3 dxe4 4. Nxe4 Nd7 5. Bc4 Ngf6 6. Ng5 e6 7. Qe2 Nb6 8. Bb3 h6 9. N5f3 c5 10. c3 Be7 11. dxc5 Nbd7 12. Ne5 Bxc5 13. Nxf7 Qe7 14. Nxh8 Nf8 15. Bc2 e5 16. Ng6 Nxg6 17. Bxg6+ Kf8 18. Be3 1-0

[Event "Hastings Masters op 84th"]
[Site "Hastings"]
[Date "2009.01.01"]
[Round "5"]
[White "Flear, Christine"]
[Black "Nebel, Jens U"]
[Result "1-0"]
[WhiteElo "2092"]
[BlackElo "2199"]
[PlyCount "81"]
[EventDate "2008.12.28"]
[EventType "swiss"]
[EventRounds "9"]
[EventCountry "ENG"]
[SourceTitle "CBM 128 Extra"]
[Source "ChessBase"]
[SourceDate "2009.03.05"]
[SourceVersion "2"]
[SourceVersionDate "2009.03.25"]
[SourceQuality "1"]

1. d4 Nf6 2. c4 c5 3. d5 e6 4. Nc3 exd5 5. cxd5 d6 6. Nf3 g6 7. h3 Qe7 8. e4 a6 9. Bd3 b5 10. 0-0 Bg7 11. e5 dxe5 12. Nxe5 0-0 13. Re1 Qd8 14. Bg5 Qb6 15. a4 c4 16. Be2 Bb7 17. Bf3 Nfd7 18. a5 Qc7 19. d6 Qc8 20. Nd5 Kh8 21. Ne7 Bxf3 22. Qxf3 Nxe5 23. Rxe5 Qd7 24. Re2 Ra7 25. Rd1 Qb7 26. Qe3 Nd7 27. Bh6 Raa8 28. Bxg7+ Kxg7 29. Qd4+ f6 30. Nd5 Rf7 31. Rde1 Raf8 32. Re7 Qc6 33. Nc7 Kg8 34. R1e6 Nc5 35. Re3 Nb3 36. Qd5 Qxd5 37. Nxd5 Nc5 38. Rc7 Nd3 39. f4 g5 40. Ree7 Nxf4 41. Nxf6+ 1-0

[Event "Hastings Masters op 84th"]
[Site "Hastings"]
[Date "2008.12.29"]
[Round "2"]
[White "Nebel, Jens U"]
[Black "Calvert, David Ian"]
[Result "1-0"]
[WhiteElo "2199"]
[BlackElo "2051"]
[PlyCount "55"]
[EventDate "2008.12.28"]
[EventType "swiss"]
[EventRounds "9"]
[EventCountry "ENG"]
[SourceTitle "CBM 128 Extra"]
[Source "ChessBase"]
[SourceDate "2009.03.05"]
[SourceVersion "2"]
[SourceVersionDate "2009.03.25"]
[SourceQuality "1"]

1. e4 d5 2. exd5 Qxd5 3. Nc3 Qd8 4. Bc4 Nf6 5. Nf3 c6 6. Ne5 e6 7. d4 Be7 8. 0-0 0-0 9. Bb3 Na6 10. Re1 Nc7 11. a4 Ncd5 12. Qf3 Bd7 13. Bg5 Nxc3 14. Qxc3 Nd5 15. Bxe7 Nxe7 16. Qb4 Bc8 17. a5 Qc7 18. c4 Rd8 19. Rad1 b6 20. Bc2 bxa5 21. Qc5 Ng6 22. Qxc6 Qxc6 23. Nxc6 Rd7 24. d5 Ba6 25. dxe6 Rxd1 26. exf7+ Kxf7 27. Rxd1 Bxc4 28. Bxg6+ 1-0

[Event "Hastings Masters op 84th"]
[Site "Hastings"]
[Date "2008.12.28"]
[Round "1"]
[White "Capo Vidal, Uriel"]
[Black "Nebel, Jens U"]
[Result "1-0"]
[WhiteElo "2340"]
[BlackElo "2199"]
[PlyCount "116"]
[EventDate "2008.12.28"]
[EventType "swiss"]
[EventRounds "9"]
[EventCountry "ENG"]
[SourceTitle "CBM 128 Extra"]
[Source "ChessBase"]
[SourceDate "2009.03.05"]
[SourceVersion "2"]
[SourceVersionDate "2009.03.25"]
[SourceQuality "1"]

1. d4 Nf6 2. c4 c5 3. d5 e6 4. Nc3 exd5 5. cxd5 d6 6. e4 g6 7. Bd3 Bg7 8. Nge2 0-0 9. 0-0 Re8 10. Ng3 a6 11. a4 Ng4 12. h3 Ne5 13. Bc2 Qh4 14. Nce2 Nbd7 15. f4 Nc4 16. Rb1 Nf6 17. Qd3 Nb6 18. Bd2 c4 19. Qf3 Nbd7 20. Be1 Qh6 21. Bc3 b5 22. Rbe1 Qh4 23. Rf2 Nc5 24. f5 g5 25. Bxf6 Bxf6 26. Nh5 Bxb2 27. g3 g4 28. hxg4 Qg5 29. Nef4 Bd4 30. Nh3 Qd2 31. Ree2 Qc1+ 32. Kg2 b4 33. Rf1 Qh6 34. g5 Qf8 35. Nf6+ Bxf6 36. gxf6 Qh6 37. Qg4+ Kh8 38. Ng5 Qxf6 39. Rh1 Bxf5 40. Qf4 Kg7 41. e5 Rxe5 42. Rxe5 dxe5 43. Qxf5 Qxf5 44. Bxf5 h6 45. Ne4 Nxa4 46. d6 c3 47. d7 Nb6 48. Nc5 a5 49. Rd1 Nxd7 50. Bxd7 Rd8 51. Ba4 Rxd1 52. Bxd1 f5 53. Nb7 Kf6 54. Nxa5 Ke6 55. Nc6 Kd6 56. Nxb4 Kc5 57. Nc2 f4 58. gxf4 exf4 1-0

[Event "Ruhrgebiet VK3 0708"]
[Site "Germany"]
[Date "2008.02.17"]
[Round "6.2"]
[White "Nebel, Jens U"]
[Black "Lindam, Ingo"]
[Result "1-0"]
[WhiteElo "2020"]
[BlackElo "2070"]
[PlyCount "81"]
[EventDate "2007.09.16"]
[EventType "team"]
[EventRounds "9"]
[EventCountry "GER"]
[SourceTitle "EXT 2009"]
[Source "ChessBase"]
[SourceDate "2008.11.26"]
[SourceVersion "1"]
[SourceVersionDate "2008.11.26"]
[SourceQuality "1"]
[WhiteTeam "RE Sued"]
[BlackTeam "Dortmund FS 98"]
[WhiteTeamCountry "GER"]
[BlackTeamCountry "GER"]

1. e4 d5 2. exd5 Nf6 3. d4 Bg4 4. Be2 Bxe2 5. Qxe2 Qxd5 6. Nf3 Nc6 7. c4 Qf5 8. 0-0 0-0-0 9. Be3 e6 10. Nc3 g5 11. Rfd1 Rg8 12. Ne5 Nxe5 13. dxe5 Rxd1+ 14. Qxd1 Qxe5 15. Bd4 Qf5 16. Qa4 Bc5 17. Bxc5 Qxc5 18. Rd1 Rd8 19. Rxd8+ Kxd8 20. Qd1+ Ke7 21. b3 c6 22. Qd2 h6 23. h3 e5 24. Na4 Qd6 25. Qa5 Kf8 26. Qxa7 Kg7 27. Qe3 b5 28. Nc5 bxc4 29. bxc4 Qd1+ 30. Kh2 Qa1 31. Qe2 Qd4 32. Nb3 Qc3 33. Nc5 Qd4 34. Qe3 Qb2 35. a4 e4 36. Nxe4 Qe5+ 37. Ng3 Qa5 38. Qd4 h5 39. Nxh5+ Kh6 40. Nxf6 Qc7+ 41. g3 1-0

[Event "Ruhrgebiet VK1 0405"]
[Site "Ruhrgebiet"]
[Date "2005.04.10"]
[Round "9.2"]
[White "Nebel, Jens U"]
[Black "Gerst, Michael"]
[Result "1/2-1/2"]
[WhiteElo "2010"]
[BlackElo "1910"]
[PlyCount "45"]
[EventDate "2004.09.12"]
[EventType "team"]
[EventRounds "9"]
[EventCountry "GER"]
[SourceTitle "EXT 2006"]
[Source "ChessBase"]
[SourceDate "2005.11.24"]
[SourceVersion "1"]
[SourceVersionDate "2005.11.24"]
[SourceQuality "1"]
[WhiteTeam "Recklinghausen Sued"]
[BlackTeam "Oberhausen II"]
[WhiteTeamCountry "GER"]
[BlackTeamCountry "GER"]

1. e4 Nf6 2. Nc3 e5 3. f4 d5 4. fxe5 Nxe4 5. Qf3 f5 6. exf6 Nxf6 7. d4 Bg4 8. Qe3+ Qe7 9. Nb5 Qxe3+ 10. Bxe3 Na6 11. c4 c6 12. Nc3 Bb4 13. a3 Bxc3+ 14. bxc3 0-0-0 15. cxd5 Nxd5 16. Bd2 Rhe8+ 17. Kf2 Nac7 18. h3 Bf5 19. g4 Be4 20. Bg2 Bxg2 21. Kxg2 Ne6 22. Ne2 Nf6 23. Ng3 1/2-1/2

[Event "Ruhrgebiet VK1 0405"]
[Site "Ruhrgebiet"]
[Date "2005.01.30"]
[Round "6.3"]
[White "Kirchdoerfer, Jan"]
[Black "Nebel, Jens U"]
[Result "1-0"]
[WhiteElo "1795"]
[BlackElo "2010"]
[PlyCount "107"]
[EventDate "2004.09.12"]
[EventType "team"]
[EventRounds "9"]
[EventCountry "GER"]
[SourceTitle "EXT 2006"]
[Source "ChessBase"]
[SourceDate "2005.11.24"]
[SourceVersion "1"]
[SourceVersionDate "2005.11.24"]
[SourceQuality "1"]
[WhiteTeam "Dortmund 1926"]
[BlackTeam "Recklinghausen Sued"]
[WhiteTeamCountry "GER"]
[BlackTeamCountry "GER"]

1. e4 d5 2. exd5 Nf6 3. Bb5+ Bd7 4. Be2 Nxd5 5. d4 g6 6. c4 Nb6 7. Nc3 Bg7 8. Be3 0-0 9. h3 e5 10. Nf3 Nc6 11. d5 Ne7 12. Ne4 Nf5 13. Bg5 f6 14. Bd2 Nd6 15. Nxd6 cxd6 16. Bb4 Rc8 17. b3 Qe7 18. Rc1 Bh6 19. Rc3 e4 20. Nd4 Qe5 21. 0-0 f5 22. Ne6 Rfe8 23. Rc2 Bxe6 24. Bc3 Qf4 25. g3 Qg5 26. dxe6 Qe7 27. Bb4 Bf8 28. Rd2 Rc6 29. a4 Kh8 30. a5 Nc8 31. c5 a6 32. Bc4 Rd8 33. Bc3+ Bg7 34. Bxg7+ Qxg7 35. b4 Qc3 36. Qa1 Qxa1 37. Rxa1 Re8 38. Rad1 dxc5 39. Rd8 Rxd8 40. Rxd8+ Kg7 41. Rd7+ Kf6 42. Rf7+ Ke5 43. e7 Nxe7 44. Rxe7+ Kd4 45. b5 Rd6 46. Bg8 c4 47. Rxb7 axb5 48. Rxb5 c3 49. Bb3 e3 50. f3 Kd3 51. Kf1 Kd2 52. Re5 Rd4 53. a6 Re4 54. Rd5+ 1-0

[Event "Ruhrgebiet VK1 0405"]
[Site "Ruhrgebiet"]
[Date "2005.01.09"]
[Round "5.2"]
[White "Prass, Marian"]
[Black "Nebel, Jens U"]
[Result "1/2-1/2"]
[WhiteElo "1917"]
[BlackElo "2010"]
[PlyCount "59"]
[EventDate "2004.09.12"]
[EventType "team"]
[EventRounds "9"]
[EventCountry "GER"]
[SourceTitle "EXT 2006"]
[Source "ChessBase"]
[SourceDate "2005.11.24"]
[SourceVersion "1"]
[SourceVersionDate "2005.11.24"]
[SourceQuality "1"]
[WhiteTeam "Altenessen II"]
[BlackTeam "Recklinghausen Sued"]
[WhiteTeamCountry "GER"]
[BlackTeamCountry "GER"]

1. Nf3 d5 2. g3 Nf6 3. Bg2 c5 4. d3 Nc6 5. Nbd2 e5 6. e4 dxe4 7. dxe4 Bg4 8. h3 Bh5 9. c3 Qd3 10. Bf1 Bxf3 11. Bxd3 Bxd1 12. Kxd1 0-0-0 13. Ke2 a6 14. a4 Na5 15. Rb1 c4 16. Nxc4 Nxc4 17. Bxc4 Nxe4 18. Be3 Bc5 19. Bxc5 Nxc5 20. Ra1 f6 21. b4 Ne4 22. Ke3 Nd6 23. Be6+ Kc7 24. Rhd1 Rhe8 25. Bb3 Nf5+ 26. Ke2 h6 27. Ra2 Nd6 28. Bd5 Re7 29. Rad2 Nf5 30. Be4 1/2-1/2

[Event "Internet Section 09B g/8'+2\""]
[Site "Dos Hermanas"]
[Date "2004.03.09"]
[Round "4"]
[White "Leyva, Hector"]
[Black "Nebel, Jens U"]
[Result "1/2-1/2"]
[WhiteElo "2384"]
[BlackElo "2199"]
[PlyCount "130"]
[EventDate "2004.03.09"]
[EventType "swiss (blitz)"]
[EventRounds "9"]
[EventCountry "ESP"]
[SourceTitle "CBM 099 Extra"]
[Source "ChessBase"]
[SourceDate "2004.05.04"]
[SourceVersion "1"]
[SourceVersionDate "2004.05.04"]
[SourceQuality "1"]

1. d4 d5 2. Nf3 f5 3. Bf4 Nf6 4. e3 e6 5. Bd3 Bd6 6. 0-0 0-0 7. Nbd2 Ne4 8. c4 c6 9. c5 Bc7 10. Bxc7 Qxc7 11. Ne5 Nd7 12. Nxd7 Bxd7 13. Nf3 Be8 14. Ne5 Kh8 15. f3 Nf6 16. f4 Nd7 17. b4 Nxe5 18. fxe5 g5 19. a4 Qg7 20. Qd2 a6 21. Ra2 Bd7 22. Qc1 g4 23. Qe1 Qg5 24. Qg3 Rg8 25. Qf4 h6 26. g3 Kg7 27. Rfa1 Kg6 28. Kg2 Rh8 29. Kg1 h5 30. Qxg5+ Kxg5 31. b5 axb5 32. axb5 Rxa2 33. Rxa2 cxb5 34. Ra7 Bc6 35. Kg2 h4 36. Be2 h3+ 37. Kf2 Kg6 38. Ke1 Kf7 39. Kd2 Ke7 40. Kc3 Kd7 41. Kb4 Kc7 42. Bxb5 Rb8 43. Ka5 Rc8 44. Kb4 Rb8 45. Ra2 Rc8 46. Bd3 Rb8 47. Ra3 Kd7 48. Kc3 Kc7 49. Kb2 Kd7 50. Rb3 Ra8 51. Ra3 Rb8 52. Rb3 Ra8 53. Bb5 Kc7 54. Bxc6 bxc6 55. Ra3 Rb8+ 56. Kc2 Kb7 57. Kc3 Ra8 58. Rb3+ Kc7 59. Kb2 Rb8 60. Rxb8 Kxb8 61. Kc3 Kb7 62. Kb4 Ka7 63. Ka3 Kb7 64. Kb4 Kb8 65. Ka4 Kb7 1/2-1/2

[Event "Internet Section 06B g/8'+2\""]
[Site "Dos Hermanas"]
[Date "2004.03.06"]
[Round "1"]
[White "Nebel, Jens U"]
[Black "Lijewski, Scott"]
[Result "1-0"]
[WhiteElo "2199"]
[BlackElo "1542"]
[PlyCount "43"]
[EventDate "2004.03.06"]
[EventType "swiss (blitz)"]
[EventRounds "9"]
[EventCountry "ESP"]
[SourceTitle "CBM 099 Extra"]
[Source "ChessBase"]
[SourceDate "2004.05.04"]
[SourceVersion "1"]
[SourceVersionDate "2004.05.04"]
[SourceQuality "1"]

1. e4 c5 2. Nf3 Nc6 3. d4 cxd4 4. Nxd4 Nf6 5. Nc3 e5 6. Ndb5 d6 7. Bg5 a6 8. Na3 b5 9. Bxf6 gxf6 10. Nd5 Bg7 11. Bd3 Be6 12. c3 0-0 13. 0-0 Ne7 14. Nc2 Nxd5 15. exd5 Bxd5 16. Bxh7+ Kxh7 17. Qxd5 Qe7 18. Rad1 Rfd8 19. Ne3 Qd7 20. Qe4+ Kg8 21. Nf5 d5 22. Qg4 1-0

[Event "Ruhrgebiet VL2 0304"]
[Site "Ruhrgebiet"]
[Date "2003.12.07"]
[Round "4.3"]
[White "Nebel, Jens U"]
[Black "Kreul, Helmut"]
[Result "0-1"]
[WhiteElo "2042"]
[BlackElo "2044"]
[PlyCount "73"]
[EventDate "2003.09.28"]
[EventType "team"]
[EventRounds "9"]
[EventCountry "GER"]
[SourceTitle "EXT 2007"]
[Source "ChessBase"]
[SourceDate "2006.11.23"]
[SourceVersion "1"]
[SourceVersionDate "2006.11.23"]
[SourceQuality "1"]
[WhiteTeam "Recklinghausen Sued"]
[BlackTeam "Bottrop"]
[WhiteTeamCountry "GER"]
[BlackTeamCountry "GER"]

1. e4 c5 2. Nf3 Nc6 3. d4 cxd4 4. Nxd4 Nf6 5. Nc3 e5 6. Ndb5 d6 7. Bg5 a6 8. Na3 b5 9. Bxf6 gxf6 10. Nd5 f5 11. Bd3 Be6 12. c3 Bg7 13. 0-0 Bxd5 14. exd5 Ne7 15. Nc2 Qc8 16. a4 bxa4 17. Ne3 0-0 18. Rxa4 e4 19. Be2 a5 20. Qa1 Qc5 21. Rd1 Rfd8 22. Qa2 Ra7 23. b4 Qxc3 24. bxa5 f4 25. Nc4 Ng6 26. Bf1 Ne5 27. Ra3 Qb4 28. Rb1 Qc5 29. Nxe5 Bxe5 30. a6 Bd4 31. Rab3 e3 32. fxe3 fxe3 33. Kh1 Qxd5 34. Bd3 Rc7 35. Qe2 Qxb3 36. Bxh7+ Kf8 37. h3 0-1